<?xml version="1.0" encoding="UTF-8"?>
<record
    xmlns:xsi="http://www.w3.org/2001/XMLSchema-instance"
    xsi:schemaLocation="http://www.loc.gov/MARC21/slim http://www.loc.gov/standards/marcxml/schema/MARC21slim.xsd"
    xmlns="http://www.loc.gov/MARC21/slim">

  <leader>00634cam a22002171  4500</leader>
  <controlfield tag="001">he 68000397 </controlfield>
  <controlfield tag="003">DLC</controlfield>
  <controlfield tag="005">20260227111453.0</controlfield>
  <controlfield tag="008">830707s1893    li            000 0 heb  </controlfield>
  <datafield tag="010" ind1=" " ind2=" ">
    <subfield code="a">he 68000397 </subfield>
  </datafield>
  <datafield tag="035" ind1=" " ind2=" ">
    <subfield code="a">(OCoLC)19157861</subfield>
  </datafield>
  <datafield tag="040" ind1=" " ind2=" ">
    <subfield code="a">DLC</subfield>
    <subfield code="c">MH</subfield>
    <subfield code="d">DLC</subfield>
  </datafield>
  <datafield tag="042" ind1=" " ind2=" ">
    <subfield code="a">premarc</subfield>
  </datafield>
  <datafield tag="050" ind1="0" ind2="0">
    <subfield code="a">BM522.3</subfield>
    <subfield code="b">.O6 1893</subfield>
  </datafield>
  <datafield tag="100" ind1="1" ind2=" ">
    <subfield code="a">Donchin, Eliezer,</subfield>
    <subfield code="d">1838-1926.</subfield>
  </datafield>
  <datafield tag="245" ind1="1" ind2="0">
    <subfield code="a">Even shetiyah :</subfield>
    <subfield code="b">... she&#x2BC;elot u-teshuvot ... /</subfield>
    <subfield code="c">Eli&#x2BB;ezer Don-Ya&#x1E25;ya.</subfield>
  </datafield>
  <datafield tag="260" ind1=" " ind2=" ">
    <subfield code="a">Vilna :</subfield>
    <subfield code="b">Bi-defus A.T. &#x1E32;atsinelinboygen,</subfield>
    <subfield code="c">653 [1893]</subfield>
  </datafield>
  <datafield tag="300" ind1=" " ind2=" ">
    <subfield code="a">270 p. ;</subfield>
    <subfield code="c">33 cm.</subfield>
  </datafield>
  <datafield tag="650" ind1=" " ind2="0">
    <subfield code="a">Responsa</subfield>
    <subfield code="y">1800-1948.</subfield>
  </datafield>
  <datafield tag="752" ind1=" " ind2=" ">
    <subfield code="a">Lithuania</subfield>
    <subfield code="d">Vilna</subfield>
  </datafield>
  <datafield tag="999" ind1=" " ind2=" ">
    <subfield code="c">32908</subfield>
    <subfield code="d">32908</subfield>
  </datafield>
</record>
